000 01075nam a2200325 a 4500
001 000110665
003 CHAP
005 20230323062615.0
008 140923s2005 ck |sf |||||||spa d
010 _a107127
011 _a108099
040 _cCHAP
090 _aCD-400 v.29
245 0 0 _aCabras
_h[DVD]
_b: manejo /
_cpor Fundación Hogares Juveniles Campesinos; coordinador Luis Carlos Muñoz.
260 _aBogotá, Col. :
_bGranita,
_c2005.
300 _a1 DVD.
490 1 _aVideoteca del campo
_pGranja Integral Autosuficiente
590 _aE6096MTM
_b05
_c20140923
_lUCH01
_h1446
590 _aE6096MTM
_b05
_c20140923
_lUCH01
_h1451
590 _aE6096MTM
_b05
_c20140924
_lUCH01
_h0854
590 _aE6096MTM
_b05
_c20140924
_lUCH01
_h0859
650 1 4 _aGanado cabrío.
_944988
650 1 4 _aManejo del ganado.
_970363
700 1 _aMuñoz, Luis Carlos
_ecoord.
_9128382
710 2 _aFundación Hogares Juveniles Campesinos
_9128381
830 0 _aVideoteca del campo
_pGranja Integral Autosuficiente
_v28
_9128383
901 _aBK
942 _cCD
942 _n0
999 _c107127
_d107127